00612nam a2200157 a 4500008004100000050002200041100001900063245014400082260003900226300003300265650002600298650002600324650002600350650003600376650004200412200813s2019 ||||||||||||||||| || u aCBU-PG THESIS/MUL aMulenga, David10aPrenatal exposure to indoor air pollution and adverse birth outcomes in Masaiti rural and Ndola urban districts in Zambiacby David Mulenga aKitwebCopperbelt Universityc2019 axx, 95 pages : illustrations aAIR POLLUTION--ZAMBIA aPUBLIC HEALTH--ZAMBIA aPRENATAL CARE--ZAMBIA aPRENATAL--AIR POLLUTION--ZAMBIA aPUBLIC HEALTH--SOCIAL ASPECTS--ZAMBIA